000 00322nam a2200145Ia 4500
100 _aJohn/K.C
650 _aMetal Casting
942 _cBK
366 _f25
654 _ametal casting
245 _aMetal casting and joining
260 _bPrentice -Hall of India
_c2015
300 _a554
546 _aENGLISH
_cInfo.Tech
999 _c23902
_d23902